Fine-Lemon Demon lyrics - Statistics

General Stats
  • This quiz has been taken 86 times
    27 since last reset
  • The average score is 240 of 396
Answer Stats
Answer % Correct
a
100%
I
100%
(I
100%
way
93%
And
87%
and
87%
be
87%
it
87%
It
87%
(It
87%
light
87%
Light
87%
Of
87%
of
87%
the
87%
The
87%
we
87%
day
80%
fun
80%
is
80%
its
80%
It's
80%
on
80%
such
80%
sun
80%
time
80%
back
73%
eyes
73%
give
73%
has
73%
having
73%
heat
73%
if
73%
If
73%
know
73%
know)
73%
lovely
73%
never
73%
sunshine
73%
Today
73%
wave
73%
we'll
73%
even
67%
every
67%
your
67%
it'll
60%
It'll
60%
my
60%
pocket
60%
scarring
60%
should
60%
theres
60%
will
60%
Will
60%
but
53%
close
53%
fine
53%
Fine
53%
just
53%
moon
53%
shave
53%
attack
47%
lining
47%
lining)
47%
negative
47%
nice
47%
silver
47%
terrorist
47%
truth
47%
With
47%
convenient
40%
end
40%
everything
40%
Everything
40%
get
40%
go
40%
I'm
40%
in
40%
marry
40%
Mother
40%
off
40%
Or
40%
out
40%
see
40%
through
40%
works
40%
Works
40%
afternoon
33%
again
33%
bomb
33%
disguise
33%
don't
33%
Earth
33%
have
33%
hers
33%
lies
33%
put
33%
shades
33%
she'd
33%
sit
33%
Sit
33%
That
33%
(That
33%
track
33%
Why
33%
for
27%
mellow
27%
not
27%
old
27%
sidewalk
27%
stalling
27%
superstitious
27%
walk
27%
We're
27%
cracked
20%
pact
20%
until
20%
until)
20%
wont
20%
crap
13%
full
13%
long
13%
made
13%
still
13%
birds
7%
gonna
7%
sing
7%
snap
7%
No matching quizzes found
Score Distribution
Percent of People with Each Score
Percentile by Number Answered
Your Score History
You have not taken this quiz since the last reset